00329nam a22000737a 4500008004100000082001900041245018700060300000800247230606b xxu||||| |||| 00| 0 eng d a351.24921bPAN aReport of the pan-African Parliament seminar on the harmonisation of regional Economic communities and regional Parliamentary BodiesbMowana lodge -kasane, botswanac12-13 Marcg 2007 a44p